| 000 | 00473nam a22001697a 4500 | ||
|---|---|---|---|
| 020 | _a81-7141-899-6 | ||
| 082 |
_a300 _bKUM/M |
||
| 100 | _aVEENA KUMARI, B | ||
| 100 | _aBHASKARA RAO, DIGUMARTI | ||
| 245 |
_aMETHODS OF TEACHING SOCIAL STUDIES _bSOCIAL SCIENCE |
||
| 246 |
_aMETHODS OF TEACHING SOCIAL STUDIES _bSOCIAL SCIENCE |
||
| 260 |
_aDELHI _bDISCOVERY PUBLISHING HOUSE _c2004 |
||
| 300 | _a355 | ||
| 520 | _aSOCIAL SCIENCE | ||
| 650 | _aSOCIAL SCIENCE | ||
| 942 | _cBK | ||
| 999 |
_c1480 _d1480 |
||